Antenna Theory and Design [e resource : question paper] : End semester assessment (ESA) M Tech First Semester degree exam, December14/Jan 15 (UE14DE502) (Record no. 230977)
[ view plain ]
| 000 -LEADER | |
|---|---|
| fixed length control field | 00530nam a2200121Ia 4500 |
| 008 - FIXED-LENGTH DATA ELEMENTS--GENERAL INFORMATION | |
| fixed length control field | 231221s9999 xx 000 0 und d |
| 041 ## - LANGUAGE CODE | |
| Language code of text/sound track or separate title | English |
| 082 ## - DEWEY DECIMAL CLASSIFICATION NUMBER | |
| Classification number | QPDEUG14-6917 |
| 245 #0 - TITLE STATEMENT | |
| Title | Antenna Theory and Design [e resource : question paper] : End semester assessment (ESA) M Tech First Semester degree exam, December14/Jan 15 (UE14DE502) |
| 260 ## - PUBLICATION, DISTRIBUTION, ETC. | |
| Date of publication, distribution, etc. | 2014 |
| Name of publisher, distributor, etc. | PES University |
| Place of publication, distribution, etc. | Bangalore |
| 650 ## - SUBJECT ADDED ENTRY--TOPICAL TERM | |
| Topical term or geographic name entry element | Antenna,[e,paper], En, semeste, assesmen, (ESA, , Tec, Firs, Semeste, degre, exam, December14/Ja, 1, (UE14DE502) |
| 942 ## - ADDED ENTRY ELEMENTS (KOHA) | |
| Koha item type | Digital Library |
| Date last seen | Total checkouts | Full call number | Accession number | Uniform resource identifier | Price effective from | Category | Lost status | Damaged status | Department | Withdrawn status | Home library | Current library | Shelving location | Entry date | Grants | Currency symbol | Conversion rate | Discount | Old discount |
|---|---|---|---|---|---|---|---|---|---|---|---|---|---|---|---|---|---|---|---|
| 26/01/2024 | QPDEUG14-6917 | DL6917 | digital/qp/dl6917.pdf | 26/01/2024 | Digital Library | Central Library | Central Library | Central Library | Central Library | RS | 1 |
